<?xml version="1.0" encoding="UTF-8"?>
<marc:record xmlns:marc="http://www.loc.gov/MARC21/slim">
   <marc:leader>00000nam a2200000 a 4500</marc:leader>
   <marc:datafield ind1="1" ind2=" " tag="100">
      <marc:subfield code="a">Nöstlinger, Christine</marc:subfield>
      <marc:subfield code="4">aut</marc:subfield>
      <marc:subfield code="e">Verfasser/-in</marc:subfield>
   </marc:datafield>
   <marc:datafield ind1="1" ind2=" " tag="100">
      <marc:subfield code="a">Dietl, Erhard</marc:subfield>
   </marc:datafield>
   <marc:datafield ind1=" " ind2=" " tag="653">
      <marc:subfield code="a">Vorlesebuch</marc:subfield>
   </marc:datafield>
   <marc:datafield ind1=" " ind2=" " tag="653">
      <marc:subfield code="a">Kinderbuch</marc:subfield>
   </marc:datafield>
   <marc:datafield ind1=" " ind2=" " tag="653">
      <marc:subfield code="a">Anthologie</marc:subfield>
   </marc:datafield>
   <marc:datafield ind1=" " ind2=" " tag="653">
      <marc:subfield code="a">Kinderbücher bis 11 Jahre</marc:subfield>
   </marc:datafield>
   <marc:datafield ind1=" " ind2=" " tag="653">
      <marc:subfield code="a">Schule</marc:subfield>
   </marc:datafield>
   <marc:datafield ind1=" " ind2=" " tag="653">
      <marc:subfield code="a">Familie</marc:subfield>
   </marc:datafield>
   <marc:datafield ind1=" " ind2=" " tag="653">
      <marc:subfield code="a">Humor</marc:subfield>
   </marc:datafield>
   <marc:datafield ind1=" " ind2=" " tag="653">
      <marc:subfield code="a">Abenteuer</marc:subfield>
   </marc:datafield>
   <marc:datafield ind1="0" ind2="0" tag="245">
      <marc:subfield code="a">Die besten Geschichten vom Franz</marc:subfield>
   </marc:datafield>
   <marc:datafield ind1="0" ind2="0" tag="245">
      <marc:subfield code="b">Der große Sammelband</marc:subfield>
   </marc:datafield>
   <marc:datafield ind1="0" ind2="0" tag="245">
      <marc:subfield code="c">Nöstlinger, Christine</marc:subfield>
   </marc:datafield>
   <marc:datafield ind1=" " ind2="1" tag="264">
      <marc:subfield code="a">Hamburg</marc:subfield>
      <marc:subfield code="b">Verlag Friedrich Oetinger</marc:subfield>
      <marc:subfield code="c">2018</marc:subfield>
   </marc:datafield>
   <marc:datafield ind1="1" ind2=" " tag="520">
      <marc:subfield code="a">Witzig, charmant, alltagsnah: Franz gehört in jedes Kinderzimmer!&#xD;
Alle lieben den Franz: Den kleinen Jungen mit den blonden Ringellocken und der Piepsstimme muss man einfach sofort ins Herz schließen. Denn langweilig wird es mit ihm nie. Ob in der Schule oder in den Ferien, ob als Fernseh-Experte oder auf Verbrecherjagd mit seiner besten Freundin Gabi – beim Franz ist immer etwas los! Die legendären Geschichten um einen kleinen Jungen namens Franz Förstl, der mit seiner Familie in der Hasengasse wohnt, schrieb Christine Nöstlinger allesamt zwischen 1984 und 2011.&#xD;
Sieben der besten Franz-Geschichten sind jetzt in einem Sammelband enthalten:Schulgeschichten vom FranzFeriengeschichten vom FranzDetektivgeschichten vom FranzKrankengeschichten vom FranzLiebesgeschichten vom FranzWeihnachtsgeschichten vom FranzFernsehgeschichten vom Franz&#xD;
Für alle, die von diesem liebenswerten kleinen Helden nicht genug bekommen können, gibt es die besten Geschichten vom Franz in einem Band – zum Vor- und Selberlesen.&#xD;
„Um zu wissen, was ihr laut schreien sollt, um zu wissen, wofür ihr kämpfen solltet, um zu wissen, wo ihr mit dem Verändern anfangen sollt, können Bücher eine Hilfe sein, die ihr von sonst niemandem bekommt.“ (Christine Nöstlinger)</marc:subfield>
   </marc:datafield>
   <marc:datafield ind1=" " ind2=" " tag="020">
      <marc:subfield code="a">9783789112904</marc:subfield>
      <marc:subfield code="9">9783789112904</marc:subfield>
   </marc:datafield>
   <marc:datafield ind1=" " ind2=" " tag="020">
      <marc:subfield code="a">3789112909</marc:subfield>
      <marc:subfield code="9">3789112909</marc:subfield>
   </marc:datafield>
   <marc:datafield ind1=" " ind2=" " tag="041">
      <marc:subfield code="a">ger</marc:subfield>
   </marc:datafield>
   <marc:datafield ind1=" " ind2=" " tag="300">
      <marc:subfield code="b">Illustrationen</marc:subfield>
   </marc:datafield>
   <marc:datafield ind1="1" ind2=" " tag="521">
      <marc:subfield code="a">Kind</marc:subfield>
   </marc:datafield>
   <marc:datafield ind1=" " ind2=" " tag="338">
      <marc:subfield code="a">Band</marc:subfield>
   </marc:datafield>
   <marc:datafield ind1=" " ind2=" " tag="300">
      <marc:subfield code="a">278 Seiten</marc:subfield>
   </marc:datafield>
</marc:record>
